000 00896nam a22003017a 4500
003 CHAP
005 20220329135237.0
008 971013s1967 r 00010 d
010 _a33202
011 _a34174
035 _a38290
040 _cCHAP
082 _a152.8
_bN8
100 0 0 _aNunnally, Jum C.
_982215
245 _aPsychometric theory
260 _aNew York :
_bMcGraw-Hill,
_c1967
300 _a640 p.
_b; gráfs.
490 _aMcGraw-Hill series in psychology
590 _aBATCH-UPD
_b10
_c20130110
_lUCH01
_h2126
590 _aBATCH-UPD
_b10
_c20130410
_lUCH01
_h1436
590 _aBATCH-UPD
_b10
_c20130914
_lUCH01
_h1806
590 _aCONVERSION
_b10
_c20130109
_lUCH01
_h1319
650 1 4 _aPsicometría.
_992623
830 0 _aMcGraw-Hill series in psychology
_973566
901 _aBK
942 _cLIBRO
949 _a152.8 N8
_bBC
_cLIBRO
_d33724000231304
_eLIBRO
_h53051
_i38290
_si
999 _c33202
_d33202